000 00960nas a2200289 4500
001 BR9000162
003 BR-BrBNA
005 20231205091753.0
007 ta
008 230509b bl.|||p| |||| 00| 00por d
040 _aBR-BrBNA
_bpor
_cBiblioteca Nacional de Agricultura
041 _a(Pt)
072 _aL01; E16
100 1 _aNeumaier, M.C.
100 1 _aLeite, E.R.
100 1 _aZometa, C.A.
100 1 _aGutierrez-Aleman, N.
245 1 _aCaracterizacao socio-economica da producao de cabras leiteiras no semi-arido paraibano
246 1 _aSocio-economic characterization of goat milk production in the semi-arid region of Paraiba, Brazil
650 _aCABRA
650 _aPRODUCAO ANIMAL
650 _aSISTEMA DE PRODUCAO
650 _aPARAIBA
773 0 _tPesquisa Agropecuaria Brasileira (Brazil)
_xISSN 0100-204X
_g(Dec 1989), v. 24(12) p. 1473-1476
_wBR9000162
909 _a202311
_bLúcia
_c55
_dLúcia Elande
942 _2AGRIS
_n0
_cANA
999 _c127236
_d127236